Statistiques concernant Champions du monde d’échecs

Cliquez ici pour prendre le quiz!

Statistiques générales

  • Ce quiz a été pris 517 fois
  • Le résultat moyen est 9 sur 20

Statistiques - réponses

Noms des champions par ordre% Correct
Magnus Carlsen
96%
Garry Kasparov
95%
Anatoly Karpov
82%
Bobby Fischer
82%
Viswanathan Anand
69%
José Raúl Capablanca
60%
Boris Spassky
57%
Vladimir Kramnik
49%
Alexandre Alekhine
47%
Mikhail Tal
45%
Veselin Topalov
36%
Wilhelm Steinitz
31%
Emanuel Lasker
30%
Mikhail Botvinnik
27%
Tigran Petrossian
27%
Max Euwe
26%
Vassily Smyslov
18%
Ruslan Ponomariov
12%
Alexandre Khalifman
9%
Rustam Qosimjonov
6%

Distribution des résultats

Percentile par nombre de réponses

% des personnes avec chaque résultat

Votre développement - résultats

Vous n’avez pas pris ce quiz